Southville International School and Colleges
Your cart is empty.
  • Cart
  • Lists
    Public lists Eva Luna New books Lux_list list_1
    Your lists Log in to create your own lists
  • Log in to your account
  • Your cookies
  • Search history
Southville International School and Colleges
  • Advanced search
  • Recent comments
  • Most popular
  • Libraries

Log in to your account

Log in with GOOGLE


If you do not have an external account, but do have a local account, you can still log in:

  1. Home
  2. MARC view: A traveler's guide to Mars :
Normal view MARC view ISBD view

A traveler's guide to Mars : (Record no. 9529)

[ view plain ]
MARC details
000 -LEADER
fixed length control field 01090cam a22003014a 4500
001 - CONTROL NUMBER
control field 13057187
003 - CONTROL NUMBER IDENTIFIER
control field SISC
005 - DATE AND TIME OF LATEST TRANSACTION
control field 20160226084557.0
008 - FIXED-LENGTH DATA ELEMENTS--GENERAL INFORMATION
fixed length control field 030114s2003 nyuab b 001 0 eng
010 ## - LIBRARY OF CONGRESS CONTROL NUMBER
LC control number 2003041149
020 ## - INTERNATIONAL STANDARD BOOK NUMBER
International Standard Book Number 0761126066
040 ## - CATALOGING SOURCE
Original cataloging agency DLC
Transcribing agency DLC
Modifying agency DLC
042 ## - AUTHENTICATION CODE
Authentication code pcc
043 ## - GEOGRAPHIC AREA CODE
Geographic area code zma----
050 00 - LIBRARY OF CONGRESS CALL NUMBER
Classification number QB 641
Item number .H335 2003
082 00 - DEWEY DECIMAL CLASSIFICATION NUMBER
Classification number HS 919.923
Item number H25 2003
100 1# - MAIN ENTRY--PERSONAL NAME
Personal name Hartmann, William K.
9 (RLIN) 13995
245 12 - TITLE STATEMENT
Title A traveler's guide to Mars :
Remainder of title the mysterious landscapes of the red planet /
Statement of responsibility, etc William K. Hartmann.
260 ## - PUBLICATION, DISTRIBUTION, ETC. (IMPRINT)
Place of publication, distribution, etc New York :
Name of publisher, distributor, etc Workman Pub.,
Date of publication, distribution, etc c2003.
300 ## - PHYSICAL DESCRIPTION
Extent 468 p. :
Other physical details col. ill. ;
Dimensions 23 cm.
500 ## - GENERAL NOTE
General note Includes bibliographical references (p. 446-448) and index.
651 #0 - SUBJECT ADDED ENTRY--GEOGRAPHIC NAME
Geographic name Mars (Planet)
9 (RLIN) 13242
856 42 - ELECTRONIC LOCATION AND ACCESS
Materials specified Publisher description
Uniform Resource Identifier <a href="http://www.loc.gov/catdir/enhancements/fy0665/2003041149-d.html">http://www.loc.gov/catdir/enhancements/fy0665/2003041149-d.html</a>
906 ## - LOCAL DATA ELEMENT F, LDF (RLIN)
a 7
b cbc
c orignew
d 1
e ocip
f 20
g y-gencatlg
942 ## - ADDED ENTRY ELEMENTS (KOHA)
Source of classification or shelving scheme Library of Congress Classification
Koha item type Books
Holdings
Withdrawn status Lost status Source of classification or shelving scheme Damaged status Home library Current library Shelving location Date acquired Total Checkouts Full call number Barcode Date last seen Date checked out Copy number Price effective from Koha item type
    Library of Congress Classification   Luxembourg Library Luxembourg Library High School Section 08/27/2013 1 QB 641 .H335 2003 15315 01/22/2019 01/17/2019 1 08/27/2013 Books

A traveler's guide to Mars :

APA

Hartmann W. K., . (2003). A traveler's guide to Mars. New York: Workman Pub.

Chicago

Hartmann William K, . 2003. A traveler's guide to Mars. New York: Workman Pub.

Harvard

Hartmann W. K., . (2003). A traveler's guide to Mars. New York: Workman Pub.

MLA

Hartmann William K, . A traveler's guide to Mars. New York: Workman Pub. 2003.

  • Place hold
  • Print
  • Cite
  • Add to your cart (remove)
  • Save record
    BIBTEX Dublin Core MARCXML MARC (non-Unicode/MARC-8) MARC (Unicode/UTF-8) MARC (Unicode/UTF-8, Standard) MODS (XML) RIS
  • More searches
    Search for this title in:
    Other Libraries (WorldCat) Other Databases (Google Scholar) Online Stores (Bookfinder.com) Open Library (openlibrary.org)

Exporting to Dublin Core...

SOUTHVILLE LIBRARY

Southville International School and Colleges Library

1281 Tropical Ave. Cor. Luxembourg St., BF Homes International, Las Pinas City

Tel. No. 8256374 / 252358 Loc. 117/146

Powered by Koha